000
00294nam a22001337a 4500
008
210528b ||||| |||| 00| 0 eng d
041
_a
eng
080
_a
311
082
_a
311
100
_a
54
101
_a
STA
245
_a
Applied Statistical Decision Theory
_c
Raiffa,H
942
_2
udc
_c
BK
999
_c
57784
_d
57784